000 00564cam a22002291 4500
001 sa 67007406
003 DLC
005 20260227112415.0
008 891030m19669999ii 000 0 orio
010 _asa 67007406
035 _a(OCoLC)20570512
040 _aDLC
_cWaU
_dDLC
042 _apremarc
043 _aa-ii---
050 0 0 _aPK2570
_b.M5
100 1 _aMisra, Binayak.
245 1 0 _aĀdhunika Oḍīa sāhityara itihāsa.
260 _c1966-
300 _av.
_c19 cm.
500 _aIn Oriya.
650 0 _aOriya literature
_xHistory and criticism.
999 _c76564
_d76564